[Event "Duna Kupa (Nõi Nyílt Bajnokság)"]
[Site "Budapest"]
[Date "2015.09.29"]
[Round "7.22"]
[White "Szente Varga, Fruzsina"]
[Black "Fodre, Sandor"]
[Result "1/2-1/2"]
[WhiteElo "2240"]
[BlackElo "2139"]
[PlyCount "145"]
[EventDate "2015.09.23"]
[EventType "swiss"]
[EventRounds "9"]
[EventCountry "HUN"]

1. e4 d6 2. d4 Nf6 3. Nc3 g6 4. f3 Bg7 5. Be3 Nbd7 6. Qd2 c6 7. O-O-O b5 8. Bh6
Bxh6 9. Qxh6 Qa5 10. Kb1 b4 11. Nce2 Ba6 12. Nc1 Bxf1 13. Rxf1 Qb6 14. e5 dxe5
15. dxe5 Nxe5 16. Re1 Ned7 17. Nh3 a5 18. Ng5 a4 19. Qg7 Rf8 20. Nxh7 Nxh7 21.
Qxh7 a3 22. Qh4 e6 23. b3 Ra5 24. Nd3 Rb5 25. Re2 g5 26. Qc4 Kd8 27. c3 bxc3
28. Qxc3 Kc7 29. Rc1 Kb7 30. Rec2 Rc8 31. Nf2 f5 32. Qg7 Rc7 33. Qxg5 Qd4 34.
Qd2 Qf6 35. Nd1 Nb6 36. Qd6 Qe5 37. Rxc6 Rxc6 38. Qxc6+ Ka6 39. h3 Rd5 40. Qc3
Qe2 41. Qe3 Qxg2 42. b4 Qxh3 43. Qxa3+ Kb7 44. Qc3 Qh4 45. Ne3 Rd4 46. a3 Qd8
47. Qc6+ Kb8 48. Qxe6 Rd2 49. Qe5+ Kb7 50. Qxf5 Qd4 51. Qe4+ Qxe4+ 52. fxe4 Re2
53. Rc3 Na4 54. Rb3 Kb6 55. Kc1 Kb5 56. Kd1 Rh2 57. Nf1 Ra2 58. Nd2 Nb2+ 59.
Ke1 Ka4 60. Re3 Rxa3 61. Rxa3+ Kxa3 62. b5 Kb4 63. b6 Nd3+ 64. Ke2 Nc5 65. Ke3
Kb5 66. b7 Nxb7 67. Kd4 Kc6 68. Nc4 Nc5 69. e5 Ne6+ 70. Ke4 Nc5+ 71. Kf5 Kd5
72. Ne3+ Kc6 73. Kf6 1/2-1/2

[Event "Duna Kupa (Nõi Nyílt Bajnokság)"]
[Site "Budapest"]
[Date "2015.09.29"]
[Round "7.23"]
[White "Trajber, Csaba Dr"]
[Black "Torok, Tamas Titusz"]
[Result "1-0"]
[WhiteElo "2031"]
[BlackElo "2139"]
[PlyCount "69"]
[EventDate "2015.09.23"]
[EventType "swiss"]
[EventRounds "9"]
[EventCountry "HUN"]

1. e4 e5 2. Nf3 Nc6 3. Bc4 Bc5 4. d3 Nf6 5. c3 a6 6. Bb3 d6 7. h3 h6 8. O-O O-O
9. Re1 Ba7 10. Nbd2 Be6 11. Bc2 Nh7 12. Nf1 f5 13. d4 exd4 14. exf5 Bxf5 15.
Bxf5 Rxf5 16. Qb3+ Kh8 17. Qxb7 Na5 18. Qe4 Qf8 19. cxd4 d5 20. Qd3 Kg8 21. Ng3
Rf6 22. b3 Nc6 23. Be3 Rxf3 24. gxf3 Qf6 25. Qf5 Qxf5 26. Nxf5 Rf8 27. Rac1 Nb4
28. Ne7+ Kf7 29. Rxc7 Bb8 30. Rb7 Nc2 31. Re2 Nxe3 32. Rxe3 Kf6 33. Nxd5+ Kf5
34. h4 Rd8 35. Ne7+ 1-0

[Event "Duna Kupa (Nõi Nyílt Bajnokság)"]
[Site "Budapest"]
[Date "2015.09.30"]
[Round "8.1"]
[White "Kantor, Gergely"]
[Black "Czebe, Attila"]
[Result "1/2-1/2"]
[WhiteElo "2403"]
[BlackElo "2439"]
[PlyCount "54"]
[EventDate "2015.09.23"]
[EventType "swiss"]
[EventRounds "9"]
[EventCountry "HUN"]

1. d4 d6 2. Nf3 g6 3. g3 Bg7 4. Bg2 Nd7 5. c4 e5 6. Nc3 exd4 7. Nxd4 Ne7 8. O-O
O-O 9. e4 Nc6 10. Nde2 a5 11. Rb1 Nc5 12. Be3 Be6 13. b3 Qd7 14. Qd2 Bh3 15.
Bxh3 Qxh3 16. Nf4 Bxc3 17. Qxc3 Nxe4 18. Qb2 Qf5 19. Nd5 f6 20. Nxc7 Rac8 21.
Nd5 Rce8 22. f3 Ng5 23. Bxg5 fxg5 24. f4 gxf4 25. Rxf4 Qd3 26. Rbf1 Rxf4 27.
Nxf4 Qe3+ 1/2-1/2

[Event "Duna Kupa (Nõi Nyílt Bajnokság)"]
[Site "Budapest"]
[Date "2015.09.30"]
[Round "8.2"]
[White "Aczel, Gergely"]
[Black "Almasi, Istvan"]
[Result "0-1"]
[WhiteElo "2494"]
[BlackElo "2409"]
[PlyCount "70"]
[EventDate "2015.09.23"]
[EventType "swiss"]
[EventRounds "9"]
[EventCountry "HUN"]

1. d4 Nf6 2. c4 e6 3. Nc3 Bb4 4. Qc2 O-O 5. Nf3 d5 6. a3 Bxc3+ 7. Qxc3 dxc4 8.
Qxc4 b6 9. Bg5 Ba6 10. Qa4 Qd7 11. Qc2 c5 12. Rd1 Rc8 13. dxc5 Qe7 14. e4 Bxf1
15. Kxf1 Qb7 16. Bxf6 gxf6 17. h4 Nd7 18. Rh3 Nxc5 19. Rg3+ Kf8 20. Rg4 Rd8 21.
Rxd8+ Rxd8 22. e5 f5 23. Rc4 Rd5 24. b4 Ne4 25. Kg1 Qd7 26. Kh2 Rd1 27. Rxe4
fxe4 28. Qxe4 Qd3 29. Qa8+ Kg7 30. Qxa7 Qf5 31. Kg3 h5 32. Nh2 Qxe5+ 33. f4
Qe1+ 34. Kh3 Qe3+ 35. g3 Rg1 0-1

[Event "Duna Kupa (Nõi Nyílt Bajnokság)"]
[Site "Budapest"]
[Date "2015.09.30"]
[Round "8.3"]
[White "Szeberenyi, Adam"]
[Black "Gara, Anita"]
[Result "1-0"]
[WhiteElo "2378"]
[BlackElo "2307"]
[PlyCount "89"]
[EventDate "2015.09.23"]
[EventType "swiss"]
[EventRounds "9"]
[EventCountry "HUN"]

1. d4 d6 2. c4 e5 3. Nc3 exd4 4. Qxd4 Nc6 5. Qd2 Nf6 6. b3 a5 7. Bb2 a4 8. Nd5
Nxd5 9. cxd5 Ne5 10. Nf3 Be7 11. Nxe5 dxe5 12. Bxe5 O-O 13. e3 axb3 14. axb3
Rxa1+ 15. Bxa1 Bf6 16. Bxf6 Qxf6 17. Be2 Qa1+ 18. Bd1 Qa6 19. Be2 Qa1+ 20. Bd1
Qa6 21. Qc3 Bf5 22. f3 Bd3 23. Kf2 Qa2+ 24. Kg3 Bb5 25. Bc2 Qa7 26. Rd1 Re8 27.
Rd4 Qb8 28. Kf2 Qd8 29. h4 h5 30. Qc5 Ba6 31. d6 cxd6 32. Qxh5 Re6 33. Qh7+ Kf8
34. Qh8+ Ke7 35. Qxg7 Qc7 36. Bf5 Re5 37. Bg6 Qc5 38. f4 Rxe3 39. Kxe3 Qc1+ 40.
Kf2 Qf1+ 41. Kg3 Qe1+ 42. Kg4 Qe2+ 43. Kh3 Qe6+ 44. f5 Qe3+ 45. Kh2 1-0

[Event "Duna Kupa (Nõi Nyílt Bajnokság)"]
[Site "Budapest"]
[Date "2015.09.30"]
[Round "8.4"]
[White "Nemeth, Zoltan"]
[Black "Madl, Ildiko"]
[Result "1/2-1/2"]
[WhiteElo "2296"]
[BlackElo "2366"]
[PlyCount "29"]
[EventDate "2015.09.23"]
[EventType "swiss"]
[EventRounds "9"]
[EventCountry "HUN"]

1. e4 c5 2. c4 Nc6 3. Nc3 g6 4. g3 Bg7 5. d3 d6 6. Bg2 e6 7. Nge2 Nge7 8. Be3
Nd4 9. Qd2 Nec6 10. O-O O-O 11. Bh6 Bxh6 12. Qxh6 Nxe2+ 13. Nxe2 Qf6 14. Qd2
Bd7 15. Rad1 1/2-1/2

[Event "Duna Kupa (Nõi Nyílt Bajnokság)"]
[Site "Budapest"]
[Date "2015.09.30"]
[Round "8.5"]
[White "Vajda, Szidonia"]
[Black "Marosi, Levente"]
[Result "1-0"]
[WhiteElo "2352"]
[BlackElo "2212"]
[PlyCount "83"]
[EventDate "2015.09.23"]
[EventType "swiss"]
[EventRounds "9"]
[EventCountry "HUN"]

1. e4 c5 2. Nf3 d6 3. d4 cxd4 4. Nxd4 Nf6 5. Nc3 a6 6. Qf3 g6 7. h3 Bg7 8. Be3
Nbd7 9. g4 O-O 10. O-O-O Re8 11. Qg2 Qc7 12. g5 Nh5 13. Be2 e5 14. Nd5 Qd8 15.
Nb3 Nf4 16. Nxf4 exf4 17. Bxf4 Ne5 18. Be3 Qc7 19. Bd4 Be6 20. f4 Rac8 21. c3
Nc4 22. Bxc4 Bxc4 23. h4 Bxb3 24. axb3 Bxd4 25. Rxd4 Qb6 26. Qd2 Qxb3 27. h5
Rc4 28. hxg6 fxg6 29. f5 Rxd4 30. Qxd4 Qf7 31. Rh6 Re5 32. f6 Qe6 33. Qb6 Qd7
34. Qb3+ Re6 35. Qd5 Qf7 36. Rh1 h5 37. Rd1 Kf8 38. Rd4 Kg8 39. Rc4 Qd7 40. e5
Kh7 41. Rc7 Qxc7 42. Qxe6 1-0

[Event "Duna Kupa (Nõi Nyílt Bajnokság)"]
[Site "Budapest"]
[Date "2015.09.30"]
[Round "8.6"]
[White "Reznak, Attila"]
[Black "Kormos, Adam"]
[Result "1-0"]
[WhiteElo "2340"]
[BlackElo "2116"]
[PlyCount "53"]
[EventDate "2015.09.23"]
[EventType "swiss"]
[EventRounds "9"]
[EventCountry "HUN"]

1. e4 e6 2. d4 d5 3. Nd2 dxe4 4. Nxe4 Nf6 5. Bd3 Nbd7 6. Nf3 Nxe4 7. Bxe4 Nf6
8. Bg5 Be7 9. Bxf6 gxf6 10. Qe2 O-O 11. g4 Qd6 12. Qd2 f5 13. gxf5 exf5 14. Bd3
Be6 15. O-O-O Qd5 16. Qh6 Kh8 17. Rhg1 Rg8 18. Ng5 Rxg5 19. Rxg5 Bxg5+ 20. Qxg5
Qxd4 21. Rg1 Bxa2 22. Qxf5 Qh4 23. b3 a5 24. Qe5+ f6 25. Qxc7 Qh6+ 26. Kb2 a4
27. Qxb7 1-0

[Event "Duna Kupa (Nõi Nyílt Bajnokság)"]
[Site "Budapest"]
[Date "2015.09.30"]
[Round "8.7"]
[White "Berta, Sandor"]
[Black "Rudolf, Anna"]
[Result "1/2-1/2"]
[WhiteElo "2051"]
[BlackElo "2329"]
[PlyCount "74"]
[EventDate "2015.09.23"]
[EventType "swiss"]
[EventRounds "9"]
[EventCountry "HUN"]

1. Nf3 d5 2. d4 Nf6 3. c4 e6 4. Nc3 Be7 5. Bg5 h6 6. Bh4 Nbd7 7. e3 O-O 8. g4
Ne4 9. Bxe7 Qxe7 10. cxd5 Nxc3 11. bxc3 exd5 12. Rg1 Nf6 13. g5 hxg5 14. Nxg5
Bf5 15. Bd3 Bxd3 16. Qxd3 Ne4 17. Nxe4 dxe4 18. Qb5 c6 19. Qh5 f6 20. Ke2 Rf7
21. Rg4 Qa3 22. Rh4 Qb2+ 23. Kf1 Qxa1+ 24. Kg2 Re7 25. Qh8+ Kf7 26. Qxa8 Qxa2
27. Qh8 Qe2 28. Rh3 Ke6 29. Qc8+ Rd7 30. Qe8+ Re7 31. Qc8+ Kf7 32. Qh8 a5 33.
Rg3 Ke6 34. Qc8+ Rd7 35. Rxg7 Qf3+ 36. Kg1 Qd1+ 37. Kg2 Qf3+ 1/2-1/2

[Event "Duna Kupa (Nõi Nyílt Bajnokság)"]
[Site "Budapest"]
[Date "2015.09.30"]
[Round "8.8"]
[White "Havanecz, Bianka"]
[Black "Hando, Vilmos"]
[Result "1-0"]
[WhiteElo "2252"]
[BlackElo "2332"]
[PlyCount "57"]
[EventDate "2015.09.23"]
[EventType "swiss"]
[EventRounds "9"]
[EventCountry "HUN"]

1. d4 Nf6 2. c4 e6 3. Nc3 Bb4 4. Qc2 b6 5. e4 Bb7 6. Bd3 d5 7. cxd5 exd5 8. e5
Ne4 9. Nf3 f5 10. exf6 Nxf6 11. O-O O-O 12. Ng5 Re8 13. Bxh7+ Kf8 14. Bg6 Re7
15. Qf5 Kg8 16. Nh7 Ne4 17. Nxe4 Rxe4 18. Qf7+ Kh8 19. Bxe4 dxe4 20. Qh5 Kg8
21. Ng5 Qf6 22. Qe8+ Bf8 23. Qe6+ Qxe6 24. Nxe6 Nd7 25. Nxc7 Rc8 26. Bf4 g5 27.
Bg3 Kf7 28. Rac1 a6 29. d5 1-0

[Event "Duna Kupa (Nõi Nyílt Bajnokság)"]
[Site "Budapest"]
[Date "2015.09.30"]
[Round "8.9"]
[White "Boguszlavszkij, Jevgenyij"]
[Black "Balint, Vilmos"]
[Result "1-0"]
[WhiteElo "2204"]
[BlackElo "2288"]
[PlyCount "97"]
[EventDate "2015.09.23"]
[EventType "swiss"]
[EventRounds "9"]
[EventCountry "HUN"]

1. e4 e5 2. Nc3 Nc6 3. Nf3 Nf6 4. d4 exd4 5. Nxd4 Bb4 6. Nxc6 bxc6 7. Bd3 d5 8.
exd5 cxd5 9. O-O O-O 10. Bg5 c6 11. Qf3 Be7 12. h3 Rb8 13. b3 Be6 14. Na4 Qa5
15. Rfe1 h6 16. Bf4 Rbc8 17. Bf5 Bxf5 18. Rxe7 Qb4 19. Re2 Rfe8 20. Bd2 Qh4 21.
Rxe8+ Rxe8 22. Qxf5 Re2 23. g3 Qe4 24. Qxe4 Nxe4 25. Be3 Rxc2 26. Bxa7 c5 27.
Rd1 c4 28. Rxd5 Rxa2 29. Bd4 cxb3 30. Nb2 g5 31. Kg2 Kh7 32. Rb5 Nd2 33. Rb6 f5
34. Rb7+ Kg6 35. g4 fxg4 36. hxg4 h5 37. Rb6+ Kh7 38. gxh5 g4 39. h6 Nf3 40.
Bg7 Nh4+ 41. Kf1 Nf5 42. Rxb3 Nxh6 43. Bxh6 Kxh6 44. Kg2 Ra1 45. Nc4 Kg5 46.
Ne3 Re1 47. Rb4 Kh5 48. Nxg4 Ra1 49. Ne3 1-0

[Event "Duna Kupa (Nõi Nyílt Bajnokság)"]
[Site "Budapest"]
[Date "2015.09.30"]
[Round "8.10"]
[White "Vegh, Endre"]
[Black "Halak, Miklos"]
[Result "1/2-1/2"]
[WhiteElo "2259"]
[BlackElo "2253"]
[PlyCount "73"]
[EventDate "2015.09.23"]
[EventType "swiss"]
[EventRounds "9"]
[EventCountry "HUN"]

1. e4 e5 2. Nf3 Nc6 3. d4 exd4 4. Nxd4 Bc5 5. Nb3 Bb4+ 6. c3 Be7 7. f4 d6 8.
Bd3 Bh4+ 9. g3 Be7 10. O-O Nf6 11. N1d2 Bg4 12. Be2 Bh3 13. Re1 Qd7 14. Nd4 a6
15. Bf3 Bg4 16. e5 Nxd4 17. cxd4 dxe5 18. dxe5 Bxf3 19. Qxf3 Nd5 20. Ne4 O-O-O
21. Bd2 Nb4 22. Bxb4 Bxb4 23. Red1 Qe6 24. a3 Be7 25. Kg2 g6 26. Rac1 Rxd1 27.
Rxd1 Rd8 28. Rxd8+ Kxd8 29. Nc3 Qb3 30. Qd3+ Ke8 31. Qd2 h5 32. Nd5 Bd8 33. Qd4
Qc2+ 34. Kg1 Qc1+ 35. Kg2 Qc2+ 36. Kh3 Qf5+ 37. Kg2 1/2-1/2

[Event "Duna Kupa (Nõi Nyílt Bajnokság)"]
[Site "Budapest"]
[Date "2015.09.30"]
[Round "8.11"]
[White "Dudas, Eszter"]
[Black "Lyell, Mark"]
[Result "1/2-1/2"]
[WhiteElo "2145"]
[BlackElo "2313"]
[PlyCount "148"]
[EventDate "2015.09.23"]
[EventType "swiss"]
[EventRounds "9"]
[EventCountry "HUN"]

1. e4 e5 2. Nf3 Nc6 3. Bb5 f5 4. d3 fxe4 5. dxe4 Nf6 6. O-O Bc5 7. Bxc6 bxc6 8.
Nxe5 O-O 9. Nc3 d6 10. Nd3 Bd4 11. Qe1 Qe8 12. Be3 Bxc3 13. Qxc3 Qxe4 14. Rae1
Bd7 15. Bd4 Qf5 16. Re7 Rf7 17. Bxf6 Qxf6 18. Qxf6 gxf6 19. Rfe1 Kf8 20. R7e3
Rb8 21. c3 a5 22. h3 c5 23. c4 Bf5 24. R1e2 Bxd3 25. Rxd3 Re7 26. Rxe7 Kxe7 27.
b3 a4 28. g4 axb3 29. axb3 Ra8 30. Kg2 Ra2 31. Kf3 Rb2 32. h4 Ke6 33. Re3+ Kd7
34. Rd3 Kc6 35. Kg3 Kd7 36. Rf3 Ke6 37. Re3+ Kf7 38. f3 c6 39. Kf4 d5 40. cxd5
cxd5 41. Rc3 d4 42. Rxc5 Rxb3 43. Rd5 d3 44. Ke4 Ke6 45. Rxd3 Rb5 46. Rd4 h5
47. Kf4 hxg4 48. Kxg4 Rb1 49. Kh5 Rf1 50. Kg4 Rg1+ 51. Kf4 Ra1 52. Rb4 Rc1 53.
Rb6+ Kf7 54. Kg4 Rh1 55. f4 Ra1 56. Rb5 Rh1 57. h5 Ke6 58. Rb6+ Kf7 59. Rb7+
Ke6 60. f5+ Kd6 61. Rb3 Ke7 62. Rb7+ Kf8 63. Ra7 Rg1+ 64. Kf4 Rf1+ 65. Ke4 Re1+
66. Kf4 Rf1+ 67. Ke4 Re1+ 68. Kd5 Re5+ 69. Kd6 Rxf5 70. h6 Kg8 71. h7+ Kh8 72.
Ke6 Rf1 73. Rb7 Re1+ 74. Kxf6 Rf1+ 1/2-1/2

[Event "Duna Kupa (Nõi Nyílt Bajnokság)"]
[Site "Budapest"]
[Date "2015.09.30"]
[Round "8.12"]
[White "Jamrich, Gyorgy"]
[Black "Juhasz, Barbara"]
[Result "1-0"]
[WhiteElo "2207"]
[BlackElo "2175"]
[PlyCount "87"]
[EventDate "2015.09.23"]
[EventType "swiss"]
[EventRounds "9"]
[EventCountry "HUN"]

1. Nf3 Nf6 2. c4 g6 3. Nc3 Bg7 4. d4 O-O 5. Bg5 d6 6. e3 h6 7. Bh4 c5 8. Be2
Nc6 9. O-O Bf5 10. d5 Na5 11. Nd2 g5 12. Bg3 e6 13. f4 gxf4 14. Rxf4 Qd7 15.
Qf1 Nh7 16. Rh4 e5 17. e4 Bg6 18. Bg4 f5 19. Bh3 Ng5 20. Bxf5 Bxf5 21. exf5
Rxf5 22. Qe2 Raf8 23. Rf1 Rxf1+ 24. Nxf1 a6 25. h3 b6 26. Bf2 Rf4 27. Nd2 Nb7
28. Nde4 Nxe4 29. Nxe4 b5 30. b3 b4 31. Qh5 Qf7 32. Qe2 Qd7 33. Bg3 Rxh4 34.
Bxh4 Qf7 35. Qg4 Kh7 36. g3 a5 37. Kg2 Kg8 38. Bf6 Kh7 39. Bh4 Kh8 40. Qc8+ Kh7
41. Qe6 Qh5 42. Qd7 Qg6 43. Nf6+ Kh8 44. Qc8+ 1-0

[Event "Duna Kupa (Nõi Nyílt Bajnokság)"]
[Site "Budapest"]
[Date "2015.09.30"]
[Round "8.13"]
[White "Szalanczy, Emil"]
[Black "Laza, Szabolcs"]
[Result "1-0"]
[WhiteElo "2280"]
[BlackElo "2150"]
[PlyCount "59"]
[EventDate "2015.09.23"]
[EventType "swiss"]
[EventRounds "9"]
[EventCountry "HUN"]

1. e4 c5 2. Nf3 d6 3. d4 cxd4 4. Nxd4 Nf6 5. Nc3 Nc6 6. Bg5 e6 7. Qd2 a6 8.
O-O-O h6 9. Be3 Bd7 10. f3 b5 11. Kb1 Ne5 12. Qf2 Qc7 13. Bd3 Rc8 14. Rc1 Nc4
15. Bxc4 bxc4 16. g4 Rb8 17. h4 Qa5 18. b3 d5 19. e5 Ba3 20. Nce2 Bxc1 21. Bxc1
Ng8 22. f4 Ne7 23. f5 Nc6 24. Nxc6 Bxc6 25. Nd4 exf5 26. Nxc6 Qb6 27. Nd4 fxg4
28. h5 O-O 29. Qf4 Qc7 30. Ba3 1-0

[Event "Duna Kupa (Nõi Nyílt Bajnokság)"]
[Site "Budapest"]
[Date "2015.09.30"]
[Round "8.14"]
[White "Goczo, Melinda"]
[Black "Heyl, Thomas"]
[Result "1/2-1/2"]
[WhiteElo "2280"]
[BlackElo "1975"]
[PlyCount "73"]
[EventDate "2015.09.23"]
[EventType "swiss"]
[EventRounds "9"]
[EventCountry "HUN"]

1. d4 d5 2. c4 e6 3. Nf3 c5 4. cxd5 exd5 5. Nc3 Nc6 6. g3 Nf6 7. Bg2 Be7 8. O-O
O-O 9. Bg5 c4 10. Ne5 Be6 11. Nxc6 bxc6 12. b3 h6 13. Bxf6 Bxf6 14. bxc4 dxc4
15. e3 Qa5 16. Qc2 c5 17. Bxa8 cxd4 18. exd4 Bxd4 19. Bg2 Bxc3 20. Rad1 g6 21.
Rd6 Re8 22. Be4 Qe5 23. Rfd1 Bb4 24. Rxe6 Qxe6 25. Bd5 Qf6 26. Qxc4 Re1+ 27.
Rxe1 Bxe1 28. Qe2 Bc3 29. h4 h5 30. Kg2 Kg7 31. Bb3 Bd4 32. Bd5 Qe5 33. Qf3 Qf6
34. Qe2 Qe5 35. Qc4 Qf6 36. f4 Bb6 37. Qe2 1/2-1/2

[Event "Duna Kupa (Nõi Nyílt Bajnokság)"]
[Site "Budapest"]
[Date "2015.09.30"]
[Round "8.15"]
[White "Piroska, Istvan"]
[Black "Keschitz, Gyorgy"]
[Result "0-1"]
[WhiteElo "2065"]
[BlackElo "2260"]
[PlyCount "106"]
[EventDate "2015.09.23"]
[EventType "swiss"]
[EventRounds "9"]
[EventCountry "HUN"]

1. e4 c5 2. Nf3 Nc6 3. d4 cxd4 4. Nxd4 g6 5. c4 Bg7 6. Be3 Nf6 7. Nc3 O-O 8.
Be2 d6 9. O-O Bd7 10. Qd2 a6 11. Rad1 Qb8 12. a4 a5 13. b3 Nb4 14. f3 Bc6 15.
Nd5 Bxd5 16. exd5 Nd7 17. Bh6 Bxh6 18. Qxh6 Nc5 19. f4 f5 20. g4 fxg4 21. Bxg4
Rf6 22. Rde1 Qf8 23. Qh4 Nbd3 24. Re3 Rxf4 25. Ref3 Rxd4 26. Rxf8+ Rxf8 27.
Rxf8+ Kxf8 28. Qh6+ Kg8 29. h3 Rf4 30. Be6+ Kh8 31. Qg5 Rf6 32. Qe3 Ne5 33. Bg4
Kg7 34. Qc3 h5 35. Be2 b6 36. b4 axb4 37. Qxb4 Ned7 38. a5 bxa5 39. Qxa5 Rf8
40. Bd1 Rf5 41. Bc2 Re5 42. Qd2 Nf6 43. Qg2 g5 44. Qf3 g4 45. hxg4 hxg4 46. Qf4
Nce4 47. Kg2 Ng5 48. Bf5 Nh3 49. Qf1 Re2+ 50. Kg3 Re3+ 51. Kh4 Nf4 52. Bxg4
Ng6+ 53. Kg5 Ne4+ {Qd1} 0-1

[Event "Duna Kupa (Nõi Nyílt Bajnokság)"]
[Site "Budapest"]
[Date "2015.09.30"]
[Round "8.16"]
[White "Terbe, Julianna"]
[Black "Fodor, Balazs"]
[Result "1-0"]
[WhiteElo "2233"]
[BlackElo "2057"]
[PlyCount "117"]
[EventDate "2015.09.23"]
[EventType "swiss"]
[EventRounds "9"]
[EventCountry "HUN"]

1. e4 c6 2. d4 d5 3. Nc3 dxe4 4. Nxe4 Nf6 5. Nxf6+ exf6 6. Nf3 Bf5 7. Bd3 Bxd3
8. Qxd3 Bd6 9. O-O O-O 10. c4 c5 11. d5 Nd7 12. Qc2 Ne5 13. Nd2 a6 14. Ne4 f5
15. Nxd6 Qxd6 16. f4 Nd7 17. Qxf5 b5 18. b3 bxc4 19. bxc4 Rfe8 20. Bb2 f6 21.
Rae1 Nf8 22. Ba3 Kf7 23. Qh5+ g6 24. Qf3 Rac8 25. g3 Nd7 26. Qc3 Rxe1 27. Rxe1
Re8 28. Rxe8 Kxe8 29. Kf2 h5 30. Qf3 Kf7 31. f5 Ne5 32. fxg6+ Kxg6 33. Qe4+ f5
34. Qe2 Ng4+ 35. Kg2 Nf6 36. Qe3 Ne4 37. Bc1 Kf7 38. Qb3 Qd7 39. Bf4 Nf6 40.
Qe3 Ne4 41. Qf3 Kg6 42. Qb3 Qe7 43. h4 Nf6 44. Qe3 Ne4 45. Kf3 Qb7 46. Qb3 Qe7
47. Qb6+ Kf7 48. Qxa6 Nf6 49. Qe6+ Qxe6 50. dxe6+ Kxe6 51. Be3 Kd6 52. Kf4 Ne4
53. Kxf5 Nxg3+ 54. Kg6 Ne4 55. Kxh5 Nf6+ 56. Kg5 Ke5 57. Kg6 Ng4 58. Bxc5 Ke4
59. Bd6 {Kd5} 1-0

[Event "Duna Kupa (Nõi Nyílt Bajnokság)"]
[Site "Budapest"]
[Date "2015.09.30"]
[Round "8.18"]
[White "Polyik, Peter"]
[Black "Vargyas, Zoltan"]
[Result "1-0"]
[WhiteElo "2178"]
[BlackElo "2094"]
[PlyCount "57"]
[EventDate "2015.09.23"]
[EventType "swiss"]
[EventRounds "9"]
[EventCountry "HUN"]

1. d4 Nf6 2. c4 e6 3. Nf3 b6 4. g3 Bb7 5. Bg2 Be7 6. O-O O-O 7. Nc3 Ne4 8. Qc2
Nxc3 9. Qxc3 c5 10. Rd1 Bf6 11. Qd3 Nc6 12. dxc5 bxc5 13. Bf4 Qb6 14. Qxd7 Rfd8
15. Qc7 e5 16. Qxb6 axb6 17. Nxe5 Na5 18. Bxb7 Nxb7 19. Rxd8+ Nxd8 20. Nd3 Ne6
21. Be5 Bxe5 22. Nxe5 Nd4 23. e3 Ne6 24. a3 Rd8 25. Nf3 g5 26. g4 Rd3 27. Kf1
Rb3 28. Rb1 f6 29. Ke2 1-0

[Event "Duna Kupa (Nõi Nyílt Bajnokság)"]
[Site "Budapest"]
[Date "2015.09.30"]
[Round "8.19"]
[White "Karacsonyi, Gellert"]
[Black "Marta, Dominik"]
[Result "0-1"]
[WhiteElo "2055"]
[BlackElo "2009"]
[PlyCount "64"]
[EventDate "2015.09.23"]
[EventType "swiss"]
[EventRounds "9"]
[EventCountry "HUN"]

1. e4 Nf6 2. e5 Nd5 3. d4 d6 4. c4 Nb6 5. exd6 exd6 6. Nc3 Be7 7. Bd3 Nc6 8.
Nge2 O-O 9. O-O Bf6 10. a3 Bg4 11. Be3 Bg5 12. h3 Bxe3 13. fxe3 Bxe2 14. Bxe2
Qg5 15. Qd3 f5 16. Rf3 Na5 17. Bd1 Nbxc4 18. Bb3 d5 19. Nxd5 Nxb3 20. Rd1 Nbd2
21. Rf4 Nxb2 22. Qxd2 Nxd1 23. Nxc7 Rac8 24. Ne6 Qe7 25. Nxf8 Nxe3 26. Qe2 Rxf8
27. Rf3 Re8 28. Qa2+ Kh8 29. d5 Qc5 30. Kh1 Qc1+ 31. Kh2 Nf1+ 32. Rxf1 Qxf1 0-1

[Event "Duna Kupa (Nõi Nyílt Bajnokság)"]
[Site "Budapest"]
[Date "2015.09.30"]
[Round "8.20"]
[White "Toth-Katona, Tamas"]
[Black "Rezsek, Gyozo"]
[Result "1-0"]
[WhiteElo "1979"]
[BlackElo "2015"]
[PlyCount "45"]
[EventDate "2015.09.23"]
[EventType "swiss"]
[EventRounds "9"]
[EventCountry "HUN"]

1. e4 c5 2. Nc3 Nc6 3. g3 d6 4. Bg2 Nf6 5. d3 e6 6. Nge2 Be7 7. h3 O-O 8. Be3
Bd7 9. O-O Rb8 10. g4 b5 11. Ng3 Ne8 12. f4 Nc7 13. f5 Bf6 14. Qd2 Bd4 15. Nd1
Qg5 16. c3 Bxe3+ 17. Nxe3 d5 18. exd5 Nxd5 19. Rae1 Nxe3 20. Rxe3 exf5 21. Nxf5
Rbe8 22. Bxc6 Bxc6 23. Rxe8 1-0

[Event "Duna Kupa (Nõi Nyílt Bajnokság)"]
[Site "Budapest"]
[Date "2015.09.30"]
[Round "8.21"]
[White "Terbe, Zsuzsanna"]
[Black "Szente Varga, Fruzsina"]
[Result "1/2-1/2"]
[WhiteElo "2087"]
[BlackElo "2240"]
[PlyCount "120"]
[EventDate "2015.09.23"]
[EventType "swiss"]
[EventRounds "9"]
[EventCountry "HUN"]

1. d4 Nf6 2. c4 g6 3. g3 Bg7 4. Bg2 O-O 5. Nc3 c5 6. Nf3 cxd4 7. Nxd4 Nc6 8.
Nc2 d6 9. O-O Be6 10. Ne3 Qd7 11. Rb1 Bh3 12. b3 h5 13. Bb2 Kh7 14. Ncd5 Nxd5
15. Qxd5 a5 16. Rfd1 a4 17. Bxg7 Kxg7 18. c5 Be6 19. Qd2 axb3 20. axb3 h4 21.
cxd6 hxg3 22. hxg3 Rh8 23. dxe7 Qxe7 24. Qc3+ Kg8 25. Ra1 Rc8 26. Nd5 Bxd5 27.
Bxd5 Rh5 28. Ra2 Kh7 29. Rad2 Rc7 30. Qa1 Ne5 31. Bg2 Rf5 32. Rd4 Qf6 33. Rh4+
Rh5 34. Rxh5+ gxh5 35. Qd4 Kg7 36. Qf4 Qxf4 37. gxf4 Ng4 38. Bf3 Rc3 39. Bxg4
hxg4 40. Rd3 Rc5 41. Kg2 Rb5 42. e4 Rb4 43. Re3 f5 44. Kg3 fxe4 45. Kxg4 Kf6
46. Rh3 Rb5 47. Rc3 Rb4 48. Re3 Rb6 49. Rxe4 Rxb3 50. f5 Rb6 51. Re3 Rb4+ 52.
f4 Rb6 53. Rh3 Rb1 54. Rh6+ Kg7 55. Rd6 Rg1+ 56. Kf3 Rf1+ 57. Ke3 Re1+ 58. Kf2
Rb1 59. f6+ Kf7 60. Kf3 Rb4 1/2-1/2

[Event "Duna Kupa (Nõi Nyílt Bajnokság)"]
[Site "Budapest"]
[Date "2015.09.30"]
[Round "8.22"]
[White "Fodre, Sandor"]
[Black "Trajber, Csaba Dr"]
[Result "0-1"]
[WhiteElo "2139"]
[BlackElo "2031"]
[PlyCount "120"]
[EventDate "2015.09.23"]
[EventType "swiss"]
[EventRounds "9"]
[EventCountry "HUN"]

1. e4 c5 2. Nf3 d6 3. c3 Nf6 4. Bd3 g6 5. O-O Bg7 6. Bc2 Bg4 7. d4 cxd4 8. cxd4
Nc6 9. Be3 Nd7 10. Nc3 O-O 11. Qd2 Bxf3 12. gxf3 Qa5 13. Kg2 Rac8 14. Rfd1 Nb6
15. Bb3 Qh5 16. Ne2 Na5 17. Qb4 Nc6 18. Qd2 Na5 19. Qd3 Nac4 20. Bc1 Bh6 21.
Ng3 Qh4 22. Qe2 Bf4 23. Bxf4 Qxf4 24. Rac1 Na5 25. Rc3 Rxc3 26. bxc3 Rc8 27.
Qb5 Rxc3 28. Qxa5 Qxf3+ 29. Kg1 Rxb3 30. axb3 Qxd1+ 31. Kg2 Qxb3 32. Qxa7 Nc4
33. Qb8+ Kg7 34. Qe8 e6 35. Qe7 Qd1 36. Qxb7 Qxd4 37. Qe7 Qd2 38. Qa7 h5 39. h4
Ne5 40. Qa1 Qf4 41. Qd4 Qf3+ 42. Kg1 Qf4 43. Kg2 Qf3+ 44. Kg1 Qd3 45. Qb2 Kh7
46. Kg2 Qf3+ 47. Kg1 Nd3 48. Qe2 Qxe2 49. Nxe2 Kg7 50. Kg2 Kf6 51. Kg3 Ke5 52.
f3 f5 53. exf5 gxf5 54. f4+ Ke4 55. Nc3+ Ke3 56. Nb5 d5 57. Nc7 Nxf4 58. Kh2 d4
59. Nb5 d3 60. Nc3 d2 0-1

[Event "Duna Kupa (Nõi Nyílt Bajnokság)"]
[Site "Budapest"]
[Date "2015.09.30"]
[Round "8.23"]
[White "Csapo, Zoltan"]
[Black "Torok, Tamas Titusz"]
[Result "0-1"]
[WhiteElo "2005"]
[BlackElo "2139"]
[PlyCount "75"]
[EventDate "2015.09.23"]
[EventType "swiss"]
[EventRounds "9"]
[EventCountry "HUN"]

1. e4 e5 2. Nf3 Nc6 3. c3 Nf6 4. d4 Nxe4 5. d5 Ne7 6. Nxe5 Ng6 7. Ng4 f5 8. Bd3
Bc5 9. O-O O-O 10. Bxe4 fxe4 11. Nd2 d6 12. Nxe4 Bb6 13. Kh1 Qh4 14. h3 Bxg4
15. Qxg4 Qxg4 16. hxg4 Rae8 17. Ng5 Rxf2 18. Rxf2 Bxf2 19. Ne6 c6 20. c4 Nf8
21. g3 Nxe6 22. dxe6 Bxg3 23. Kg2 Be5 24. Be3 a6 25. Kf3 Rxe6 26. Rb1 Kf7 27.
b4 Rf6+ 28. Ke4 Ke6 29. Rd1 Rf7 30. a4 Rd7 31. Rh1 h6 32. Kd3 Rf7 33. b5 Rf3
34. bxa6 bxa6 35. Rb1 Bf4 36. Ke4 Rxe3+ 37. Kxf4 Rc3 38. Re1+ 0-1